World Scramble - Countries in Oceania - Statistics

General Stats
  • This quiz has been taken 78 times
  • The average score is 9 of 10
Answer Stats
Answer % Correct
Fiji
100%
Nauru
96%
Palau
96%
Samoa
95%
Micronesia
94%
Tonga
94%
Tuvalu
94%
Vanuatu
94%
Kiribati
93%
New Zealand
93%
Papua New Guinea
92%
Marshall Islands
85%
Solomon Islands
85%
Australia
84%
No matching quizzes found
Score Distribution
Percent of People with Each Score
Percentile by Number Answered
Your Score History
You have not taken this quiz